| 000 | 00343nam a2200145Ia 4500 | ||
|---|---|---|---|
| 008 | 210210b1962 xxu||||| |||| 00| 0 eng d | ||
| 082 | _a530 BLAT | ||
| 100 | _aBLASS (Gerhard A). | ||
| 245 | _aTheoretical physics. | ||
| 260 |
_aNY _bA C C _c1962 |
||
| 300 | _axiv,451 | ||
| 650 | _aTheoretical physics | ||
| 690 | _aPhysics | ||
| 906 | _a039577 | ||
| 999 |
_c89520 _d89520 |
||